Сочинения Г. П. Данилевскаго. Т. 19–20 (Запись № 10737971)

Подробности
000 -МАРКЕР
контрольное поле 01928nam2a2200325 4500
001 - ИДЕНТИФИКАТОР ЗАПИСИ
контрольное поле RU\NLR\19V\602245
005 - ИДЕНТИФИКАТОР ВЕРСИИ
контрольное поле 20251113190630.9
035 ## - ДРУГИЕ СИСТЕМНЫЕ НОМЕРА
Идентификатор записи (NLR Aleph) 010349003
100 ## - ДАННЫЕ ОБЩЕЙ ОБРАБОТКИ
Данные общей обработки 20070823d1902 u||y0rusy50 ca
101 2# - ЯЗЫК РЕСУРСА
Язык текста, звукозаписи и т.д. русский
Язык оригинала английский
102 ## - СТРАНА ПУБЛИКАЦИИ ИЛИ ПРОИЗВОДСТВА
Страна публикации Российская Федерация
105 ## - ПОЛЕ КОДИРОВАННЫХ ДАННЫХ: ТЕКСТОВЫЕ МАТЕРИАЛЫ, МОНОГРАФИЧЕСКИЕ
Кодированные данные о монографическом текстовом документе y z 000ay
200 0# - ЗАГЛАВИЕ И СВЕДЕНИЯ ОБ ОТВЕТСТВЕННОСТИ
Основное заглавие Т. 19–20
210 ## - ПУБЛИКАЦИЯ, РАСПРОСТРАНЕНИЕ И ДР.
Дата издания, распространения и т.д. 1902
215 ## - ФИЗИЧЕСКАЯ ХАРАКТЕРИСТИКА
Специфическое обозначение материала и объем 216. 218 с. разд. паг.
327 1# - ПРИМЕЧАНИЯ О СОДЕРЖАНИИ
Текст примечания Содерж.: Т. 19: Святочные вечера. Цимбелин : драма в 5-ти д. : пер. с англ. / соч. В. Шекспир. Т. 20: Жизнь и смерть короля Ричарда третьего / [соч.] Вильяма Шекспира ; пер. Г. П. Данилевского. Из путевых заметок: 1. Хуторок близ Диканьки ; 2. Дивногорск ; 3. Аракчеевские поселения на Украйне ; 4. Немецкие колонии близ Крыма ; 5. Бюджет одного взяточника ; 6. Шамиль в Малороссии
461 #0 - УРОВЕНЬ НАБОРА
Встроенное поле 001v19\rc\1741534
-- 2001#$aСочинения Г. П. Данилевскаго$eв 24 т., с портр. автора$vТ. 19–20
-- 700#1$aДанилевский$bГ. П.$f1829-1890$gГригорий Петрович$3RU\NLR\AUTH\7717156
Системный номер (АБИС) связанной записи 5776555
Автор Данилевский, Г. П. (1829-1890)
Место публикации Санкт-Петербург
Дата публикации 1902
Издание 9-е изд.
Имя издателя, распространителя и т.д. А. Ф. Маркс
Сведения, относящиеся к заглавию в 24 т., с портр. автора
Заглавие Сочинения Г. П. Данилевскаго
Номер тома Т. 19–20
801 ## - ИСТОЧНИК ЗАПИСИ
Страна Российская Федерация
Организация NLR
Дата составления 20070823
Правила каталогизации psbo
801 #1 - ИСТОЧНИК ЗАПИСИ
Страна Российская Федерация
Организация NLR
Дата составления 20070823
Источник данных rusmarc
801 #2 - ИСТОЧНИК ЗАПИСИ
Страна Российская Федерация
Организация NLR
Дата составления 20100818
Источник данных rusmarc
852 ## - МЕСТОНАХОЖДЕНИЕ И ШИФР ХРАНЕНИЯ
Идентификатор организации NLR
Шифр хранения (Call Number) 34.9.4.20(19-20)
899 ## - ДАННЫЕ О МЕСТОНАХОЖДЕНИИ (устаревшее)
Местонахождение RuMoRGB
Шифр хранения F 103/88
899 ## - ДАННЫЕ О МЕСТОНАХОЖДЕНИИ (устаревшее)
Местонахождение RuMoRGB
Шифр хранения Рб 10/377
899 ## - ДАННЫЕ О МЕСТОНАХОЖДЕНИИ (устаревшее)
Местонахождение БАН
Публикуемое примечание (19)
899 ## - ДАННЫЕ О МЕСТОНАХОЖДЕНИИ (устаревшее)
Местонахождение ГПИБ
Публикуемое примечание (19)
942 ## - ДОПОЛНИТЕЛЬНЫЕ ЭЛЕМЕНТЫ ЗАПИСИ (АБИС)
Тип экземпляра АБИС Книга
980 ## - КОЛЛЕКЦИЯ
Название коллекции Мелитопольская областная научная библиотека
980 ## - КОЛЛЕКЦИЯ
Название коллекции Национальная библиография

Нет доступных экземпляров.